000 00417 a2200181 4500
003 Nust
005 20170207152758.0
010 _a 72010292
020 _a0070634246
040 _cNust
082 0 0 _a621.381
100 1 _aMalvino, Albert Paul.
245 1 0 _aElectronic principles.
250 _a7th ed
260 _aNew Delhi
_bMcGraw-Hill
_c[1973]
300 _axvi, 761 p.
_billus.
_c25 cm.
650 0 _aElectronics.
942 _2ddc
_cBK
999 _c177669
_d177669